000 00482nam a22001817a 4500
003 OSt
005 20140310182329.0
008 130312t xxu||||| |||| 00| 0 eng d
020 _a0590455273
050 _aPZ 8.1
_b.M1418 1992
082 _aGS 398.2
_bM12 1992
100 _aMaccarone, Grace
_95551
245 _aThe sword in the stone /
_cMaccarone, Grace
260 _aNew York :
_bScholastic,
_c1992.
300 _c24 cm.
_bcol. ill. ;
942 _2lcc
_cBK-GS
999 _c11942
_d11942